Statystyki dla Państwa produkujące najwięcej bananów

Kliknij tutaj aby rozwiązać quiz!

Ogólne statystyki

  • Ten quiz został rozwiązany 34 razy
  • Średni wynik to 13 z 20

Statystyki odpowiedzi

Produkcja (tony)Państwo% Poprawnych
11 998 329Chiny
100%
30 460 000Indie
100%
6 812 708Brazylia
97%
2 914 419Kolumbia
94%
7 280 659Indonezja
87%
2 227 173Meksyk
81%
1 715 770Kenia
77%
1 297 590Tajlandia
77%
2 194 247Wietnam
77%
6 583 477Ekwador
71%
6 049 601Filipiny
71%
3 406 936Tanzania
65%
1 359 297Egipt
52%
4 341 564Gwatemala
52%
2 437 381Kostaryka
52%
1 207 375Kamerun
42%
1 408 295Papua-Nowa Gwinea
42%
4 036 959Angola
35%
1 209 268Dominikana
29%
1 850 633Rwanda
16%

Rozkład punktacji

Percentyl według liczby udzielonych odpowiedzi

Procent ludzi z każdym wynikiem

Twoja historia wyników

Nie rozwiązałeś tego quizu